005390000a2200121000450024501270000065000260012765000210015365000300017465100670020404100130027110000380028477300950032210aAlteration of the coral ecosystem of Parque Nacional Natural Corales del Rosario by river inputs: a case study in Colombia14aEcosistemas coralinos14aPlanes de manejo14aConservación de corales 4lParque Nacional Natural Corales del RosariodBolivarpColombia0 aInglés1 aAlvarado Chacón, Elvira María1 tProceedings International seminar on protection of sensitive sea areas3169q394-399d1990